| 000 | 00520nam a22001937a 4500 | ||
|---|---|---|---|
| 003 | OSt | ||
| 005 | 20250611112858.0 | ||
| 008 | 250611b |||||||| |||| 00| 0 eng d | ||
| 020 | _a81-264-0452-3 | ||
| 040 | _cSBCL | ||
| 082 |
_a894.8123 _bBAL-I |
||
| 100 | _aBalakrishnan,PK | ||
| 245 | _aIni Njan Urangatte | ||
| 250 | _a50 | ||
| 260 |
_aKottayam _bDC Books _c2025 |
||
| 300 | _a216p. | ||
| 650 |
_2Literature & rhetoric _aLiteratures of other languages _v Altaic, Uralic, Hyperborean & Dravidian |
||
| 942 | _cBOOK | ||
| 999 |
_c137020 _d137020 |
||